| 000 | 00337nam a2200121 a 4500 | ||
|---|---|---|---|
| 001 | 000046445 | ||
| 005 | 20201002052856.0 | ||
| 008 | 150814s1942 000 spa d | ||
| 040 |
_aDO-SdBNP _bspa _cBNPHU |
||
| 245 | 0 | _aEsencia y existencia del ser y de la nada. | |
| 260 |
_aSanto Domingo : _bMontalvo, _c1942. |
||
| 300 |
_a72 p. ; _c20 cm. |
||
| 999 |
_c45934 _d45934 |
||